[Event "BL 1213 SV Hockenheim - SV Mülheim Nord"]
[Site "?"]
[Date "2012.10.21"]
[Round "2.7"]
[White "Tregubov, Pavel V"]
[Black "Paehtz, Elisabeth"]
[Result "1-0"]
[WhiteElo "2601"]
[BlackElo "2482"]
[PlyCount "69"]
[EventDate "2012.??.??"]

1. d4 d5 2. c4 c6 3. Nf3 Nf6 4. e3 Bg4 5. h3 Bh5 6. Nc3 e6 7. Qb3 Qb6 8. Nh4
Be7 9. g4 Bg6 10. Nxg6 hxg6 11. Bg2 g5 12. O-O Nbd7 13. Re1 dxc4 14. Qxc4 Nd5
15. a3 Nf8 16. Nxd5 cxd5 17. Qa4+ Qc6 18. Qb3 Ng6 19. e4 Qc4 20. Qxb7 O-O 21.
exd5 Rab8 22. Qc6 exd5 23. Bxd5 Qxc6 24. Bxc6 Bf6 25. Rb1 Bxd4 26. Rd1 Bf6 27.
b4 Nf4 28. Kf1 a6 29. a4 Rfd8 30. Rxd8+ Bxd8 31. Be3 Nd3 32. b5 Ne5 33. Ba7
Nxc6 34. Bxb8 Nxb8 35. Rc1 1-0

[Event "BL 1213 SV Hockenheim - SV Mülheim Nord"]
[Site "?"]
[Date "2012.10.21"]
[Round "2.8"]
[White "Wagner, Dennis"]
[Black "Levin, Felix"]
[Result "1-0"]
[WhiteElo "2456"]
[BlackElo "2508"]
[PlyCount "58"]
[EventDate "2012.??.??"]

1. d4 Nf6 2. c4 e6 3. Nf3 Bb4+ 4. Bd2 c5 5. Bxb4 cxb4 6. a3 bxa3 7. Rxa3 O-O 8.
Nc3 d6 9. e3 Nc6 10. Be2 Nb4 11. O-O b6 12. Ne1 Bb7 13. Qb3 a5 14. Nd3 Nxd3 15.
Bxd3 Ba6 16. Rd1 Rc8 17. Na4 Nd7 18. Qa2 Qc7 19. Rc3 Bb7 20. Qa3 g6 21. b4 axb4
22. Qxb4 Ra8 23. Ra3 Qc6 24. Bf1 Rfc8 25. Nc3 Rxa3 26. Qxa3 d5 27. Qe7 Nf8 28.
cxd5 exd5 29. Nb5 Qe6 1-0

[Event "BL 1213 OSG Baden Baden - SK Nordersted"]
[Site "?"]
[Date "2012.10.21"]
[Round "2.2"]
[White "Naiditsch, Arkadij"]
[Black "Kopylov, Mihail"]
[Result "1-0"]
[WhiteElo "2704"]
[BlackElo "2473"]
[PlyCount "45"]
[EventDate "2012.??.??"]

1. c4 e6 2. g3 d5 3. Bg2 c5 4. Nf3 Nc6 5. O-O Nf6 6. d4 Be7 7. cxd5 exd5 8. Be3
c4 9. b3 cxb3 10. Qxb3 Na5 11. Qd3 Nc4 12. Bf4 O-O 13. Nc3 a6 14. a4 Qa5 15.
Rfc1 Ba3 16. Rxa3 Nxa3 17. Bd6 Nc4 18. Bxf8 Kxf8 19. Ng5 Be6 20. Nxh7+ Nxh7 21.
Qxh7 Nb6 22. Nxd5 Bxd5 23. Rc7 1-0

[Event "BL 1213 OSG Baden Baden - SK Nordersted"]
[Site "?"]
[Date "2012.10.21"]
[Round "2.3"]
[White "Feuerstack, Aljoscha"]
[Black "Vallejo Pons, Francisco"]
[Result "0-1"]
[WhiteElo "2421"]
[BlackElo "2700"]
[PlyCount "69"]
[EventDate "2012.??.??"]

1. e4 e6 2. d4 d5 3. Nd2 Nf6 4. Bd3 c5 5. c3 cxd4 6. cxd4 dxe4 7. Nxe4 Bd7 8.
Nf3 Nxe4 9. Bxe4 Bc6 10. Qd3 Bb4+ 11. Bd2 Bxe4 12. Qxe4 Bxd2+ 13. Nxd2 Nc6 14.
Nb3 O-O 15. O-O Qf6 16. Nc5 Qxd4 17. Qxd4 Nxd4 18. Rfd1 e5 19. Nxb7 Rfb8 20.
Nd6 Rxb2 21. Nc4 Rb5 22. Rab1 Rc5 23. Ne3 h5 24. Rb7 a5 25. g3 Rac8 26. Kg2 g5
27. Rd7 Rb8 28. g4 h4 29. Rd2 Kg7 30. Rd6 Rb4 31. Nd5 Rb1 32. Nf6 Rc3 33. Nh5+
Kf8 34. f3 Rbc1 35. Rd5 0-1

[Event "BL 1213 OSG Baden Baden - SK Nordersted"]
[Site "?"]
[Date "2012.10.21"]
[Round "2.5"]
[White "Meyer, Falko"]
[Black "Nielsen, Peter-Heine"]
[Result "0-1"]
[WhiteElo "2259"]
[BlackElo "2662"]
[PlyCount "62"]
[EventDate "2012.??.??"]

1. c4 Nf6 2. g3 c6 3. Nf3 d5 4. b3 Qb6 5. e3 Bf5 6. Nc3 Nbd7 7. cxd5 cxd5 8. d4
e6 9. Bd2 Ne4 10. Na4 Qd8 11. h3 Bd6 12. Bb5 O-O 13. g4 Bg6 14. Bxd7 Qxd7 15.
O-O f5 16. Nc5 Bxc5 17. Ne5 Qc7 18. Rc1 fxg4 19. hxg4 Qb8 20. Rxc5 Nxc5 21.
Nxg6 hxg6 22. dxc5 Qe5 23. f4 Qe4 24. Qb1 Qxb1 25. Rxb1 g5 26. b4 Rac8 27. a4
e5 28. fxe5 Rf3 29. Rf1 Rg3+ 30. Kf2 Rxg4 31. Ke2 Rf8 0-1

[Event "BL 1213 OSG Baden Baden - SK Nordersted"]
[Site "?"]
[Date "2012.10.21"]
[Round "2.6"]
[White "Nisipeanu, Liviu-Dieter"]
[Black "Michna, Marta"]
[Result "1/2-1/2"]
[WhiteElo "2661"]
[BlackElo "2383"]
[PlyCount "59"]
[EventDate "2012.??.??"]

1. Nf3 d6 2. d4 Bg4 3. g3 Bxf3 4. exf3 g6 5. h4 Nf6 6. c3 c6 7. Bg5 Nbd7 8. Nd2
d5 9. Qc2 Bg7 10. f4 Qb6 11. O-O-O e6 12. h5 Nxh5 13. f5 O-O 14. Be2 Nhf6 15.
fxe6 fxe6 16. Be3 Qa5 17. Kb1 e5 18. g4 exd4 19. Nb3 d3 20. Qxd3 Qc7 21. f4 Ne4
22. Rh3 Rxf4 23. Bxf4 Qxf4 24. Qe3 Rf8 25. Qxf4 Rxf4 26. Rf1 Rxf1+ 27. Bxf1 a5
28. a4 Ndc5 29. Nxc5 Nxc5 30. Re3 1/2-1/2

[Event "BL 1213 OSG Baden Baden - SK Nordersted"]
[Site "?"]
[Date "2012.10.21"]
[Round "2.7"]
[White "Polischuk, Viktor"]
[Black "Gustafsson, Jan"]
[Result "0-1"]
[WhiteElo "2312"]
[BlackElo "2622"]
[PlyCount "86"]
[EventDate "2012.??.??"]

1. e4 c5 2. Nf3 d6 3. c3 Nf6 4. Be2 Bg4 5. Qb3 Qc8 6. e5 dxe5 7. Nxe5 Be6 8.
Qb5+ Nbd7 9. Bf3 Bd5 10. Bxd5 Nxd5 11. d4 N5f6 12. Nxd7 Nxd7 13. dxc5 a6 14.
Qa4 Qxc5 15. O-O e6 16. Nd2 Be7 17. Ne4 Qc7 18. Rd1 Rd8 19. Bg5 Bxg5 20. Nxg5
O-O 21. Qc2 Nf6 22. Rxd8 Rxd8 23. Rd1 Rxd1+ 24. Qxd1 Qb6 25. Nf3 Kf8 26. Qd2
Ke7 27. h3 Ne4 28. Qe2 f5 29. Nd4 g6 30. f3 Nf6 31. Kf1 Qd6 32. Ke1 Nd5 33. Qd2
Qh2 34. Qg5+ Kf7 35. Kf1 Qh1+ 36. Kf2 Qb1 37. Qd2 Qxa2 38. g3 e5 39. Ne2 Qc4
40. Kg2 Ke6 41. Nc1 f4 42. Nd3 g5 43. gxf4 Qxd3 0-1

[Event "BL 1213 OSG Baden Baden - SK Nordersted"]
[Site "?"]
[Date "2012.10.21"]
[Round "2.8"]
[White "Schlosser, Philipp"]
[Black "Michna, Christian"]
[Result "1-0"]
[WhiteElo "2579"]
[BlackElo "2279"]
[PlyCount "61"]
[EventDate "2012.??.??"]

1. c4 g6 2. d4 Bg7 3. Nf3 d6 4. Nc3 Nf6 5. e4 O-O 6. Be2 Bg4 7. Be3 Nfd7 8. O-O
Nc6 9. d5 Bxf3 10. gxf3 Ncb8 11. f4 e6 12. Kh1 Re8 13. dxe6 Rxe6 14. f5 gxf5
15. exf5 Rxe3 16. fxe3 Nf6 17. c5 Nc6 18. Bf3 dxc5 19. Bxc6 bxc6 20. Qf3 Qe8
21. Rad1 Kh8 22. Qf4 Nh5 23. Qg5 f6 24. Qg4 Bf8 25. Rf3 Rb8 26. Rh3 Ng7 27. Qh4
h5 28. Qxf6 Rxb2 29. Rd8 Rb1+ 30. Kg2 Rb2+ 31. Kf3 1-0

[Event "BL 1213 SG Turm Trier - Hamburger SK"]
[Site "?"]
[Date "2012.10.21"]
[Round "2.1"]
[White "Kempinski, Robert"]
[Black "Erdoes, Viktor"]
[Result "1/2-1/2"]
[WhiteElo "2602"]
[BlackElo "2637"]
[PlyCount "41"]
[EventDate "2012.??.??"]

1. d4 Nf6 2. c4 g6 3. g3 c6 4. Nf3 d5 5. cxd5 cxd5 6. Bg2 Bg7 7. Ne5 Ne4 8. O-O
O-O 9. Nc3 Bf5 10. Qb3 Nc6 11. Qxd5 Nxc3 12. bxc3 Qxd5 13. Bxd5 Nxe5 14. dxe5
Bxe5 15. Ba3 Rfd8 16. Bxb7 Rab8 17. Bf3 Bxc3 18. Rad1 Rxd1 19. Rxd1 Rb1 20.
Rxb1 Bxb1 21. Bd5 1/2-1/2

[Event "BL 1213 SG Turm Trier - Hamburger SK"]
[Site "?"]
[Date "2012.10.21"]
[Round "2.2"]
[White "Parligras, Mircea"]
[Black "Ghaem Maghami, Ehsan"]
[Result "1/2-1/2"]
[WhiteElo "2633"]
[BlackElo "2557"]
[PlyCount "44"]
[EventDate "2012.??.??"]

1. d4 Nf6 2. c4 e6 3. Nc3 Bb4 4. Qc2 O-O 5. a3 Bxc3+ 6. Qxc3 d6 7. Bg5 Nbd7 8.
e3 b6 9. Bd3 Bb7 10. f3 Rc8 11. b4 c5 12. dxc5 bxc5 13. b5 h6 14. Bh4 Ne5 15.
Be2 Ng6 16. Bxf6 Qxf6 17. Qxf6 gxf6 18. Nh3 Rfd8 19. O-O f5 20. Rfd1 Kf8 21.
Nf2 Ke7 22. Nd3 h5 1/2-1/2

[Event "BL 1213 SG Turm Trier - Hamburger SK"]
[Site "?"]
[Date "2012.10.21"]
[Round "2.4"]
[White "Lupulescu, Constantin"]
[Black "Svane, Rasmus"]
[Result "1-0"]
[WhiteElo "2613"]
[BlackElo "2394"]
[PlyCount "117"]
[EventDate "2012.??.??"]

1. d4 Nf6 2. c4 e6 3. Nc3 Bb4 4. Qc2 O-O 5. a3 Bxc3+ 6. Qxc3 d5 7. Bg5 c5 8.
dxc5 d4 9. Qc2 e5 10. e3 h6 11. Bh4 Qe7 12. Be2 Nbd7 13. b4 a5 14. Rb1 axb4 15.
axb4 Rd8 16. e4 Ra3 17. Bd3 Nf8 18. Ne2 Ng6 19. Bg3 Nh5 20. O-O Bg4 21. f3 Nxg3
22. hxg3 Qg5 23. Rb3 Qe3+ 24. Kh2 Rxb3 25. Qxb3 Be6 26. Qc2 h5 27. Rd1 h4 28.
Qd2 Qf2 29. gxh4 Nxh4 30. Ng1 Qe3 31. Be2 Qxd2 32. Rxd2 Ng6 33. g3 Ra8 34. Nh3
Kf8 35. f4 Bxh3 36. Kxh3 exf4 37. Rxd4 Ke7 38. b5 Ra3 39. c6 bxc6 40. bxc6 Ra6
41. Rd7+ Ke8 42. Rd6 f3 43. Bxf3 Ne5 44. c7 Ra8 45. Bg4 Ke7 46. Rb6 Rh8+ 47.
Kg2 Nxg4 48. Rb8 Kd7 49. Rxh8 Kxc7 50. Rh7 Kd6 51. Rxg7 Ne5 52. g4 f6 53. Kg3
Nxc4 54. Kf4 Ke6 55. g5 fxg5+ 56. Rxg5 Nb2 57. Rg6+ Ke7 58. Rc6 Nd3+ 59. Kf5
1-0

[Event "BL 1213 SG Turm Trier - Hamburger SK"]
[Site "?"]
[Date "2012.10.21"]
[Round "2.5"]
[White "Ftacnik, Lubomir Dr"]
[Black "Sanikidze, Tornike"]
[Result "1/2-1/2"]
[WhiteElo "2547"]
[BlackElo "2580"]
[PlyCount "45"]
[EventDate "2012.??.??"]

1. Nf3 Nf6 2. c4 e6 3. g3 d5 4. Bg2 Be7 5. O-O O-O 6. b3 b6 7. Bb2 Bb7 8. e3
Nbd7 9. Nc3 Ne4 10. Qc2 Nxc3 11. Bxc3 Nc5 12. d4 Ne4 13. Bb2 c5 14. dxc5 Nxc5
15. Rfd1 Bf6 16. cxd5 Bxd5 17. Ne1 Rc8 18. Bxd5 exd5 19. Rac1 Ne4 20. Qxc8 Qxc8
21. Rxc8 Rxc8 22. Bxf6 Nxf6 23. Kf1 1/2-1/2

[Event "BL 1213 SG Turm Trier - Hamburger SK"]
[Site "?"]
[Date "2012.10.21"]
[Round "2.6"]
[White "Cyborowski, Lukasz"]
[Black "Rogozenco, Dorian"]
[Result "1/2-1/2"]
[WhiteElo "2530"]
[BlackElo "2503"]
[PlyCount "41"]
[EventDate "2012.??.??"]

1. Nf3 d5 2. d4 Nf6 3. c4 e6 4. e3 a6 5. b3 c5 6. dxc5 Bxc5 7. a3 dxc4 8. Qxd8+
Kxd8 9. Bxc4 b5 10. Bd3 Bb7 11. Ke2 Ke7 12. Bb2 Nbd7 13. Nbd2 Rhc8 14. Rhc1 Bd6
15. b4 h6 16. h3 e5 17. e4 Rxc1 18. Rxc1 a5 19. Bc3 Rc8 20. Kd1 axb4 21. Bxb4
1/2-1/2

[Event "BL 1213 SG Turm Trier - Hamburger SK"]
[Site "?"]
[Date "2012.10.21"]
[Round "2.7"]
[White "Mueller, Karsten Dr"]
[Black "Gonda, Laszlo"]
[Result "1-0"]
[WhiteElo "2529"]
[BlackElo "2528"]
[PlyCount "83"]
[EventDate "2012.??.??"]

1. e4 e5 2. Nf3 Nc6 3. Nc3 Nf6 4. d4 exd4 5. Nxd4 Bb4 6. Nxc6 bxc6 7. Bd3 d5 8.
exd5 cxd5 9. O-O O-O 10. h3 c6 11. Qf3 Bd6 12. Bf4 Be6 13. Ne2 c5 14. c3 Rb8
15. b3 Re8 16. Rad1 Rb6 17. Rfe1 Bc8 18. Ng3 Bxf4 19. Rxe8+ Qxe8 20. Qxf4 Qe7
21. Bf5 Ba6 22. Qd2 g6 23. Re1 Qf8 24. Bc2 Re6 25. Rxe6 fxe6 26. Qf4 Qe7 27.
Qe5 Kf7 28. h4 Nd7 29. Qf4+ Qf6 30. Qd6 Nb6 31. Qxc5 Qf4 32. Qe3 Qxh4 33. Qe5
Qf6 34. Qc7+ Qe7 35. Qb8 Kg7 36. a4 e5 37. b4 Bc4 38. a5 Qg5 39. Qxa7+ Kg8 40.
Qb8+ Kg7 41. axb6 Qc1+ 42. Bd1 1-0

[Event "BL 1213 SG Turm Trier - Hamburger SK"]
[Site "?"]
[Date "2012.10.21"]
[Round "2.8"]
[White "Jaracz, Pawel"]
[Black "Heinemann, Thies"]
[Result "1/2-1/2"]
[WhiteElo "2541"]
[BlackElo "2479"]
[PlyCount "47"]
[EventDate "2012.??.??"]

1. e4 c5 2. c3 g6 3. d4 cxd4 4. cxd4 d5 5. e5 Bg7 6. Nc3 Nc6 7. Bb5 f6 8. exf6
exf6 9. Nge2 Be6 10. Bxc6+ bxc6 11. b3 Ne7 12. Ba3 O-O 13. O-O Re8 14. Re1 Bf7
15. Rc1 Nf5 16. Qd3 Bh6 17. Rcd1 Qc8 18. Bc1 Bf8 19. Ng3 Nh4 20. Rxe8 Bxe8 21.
Re1 Bd7 22. Nf1 Qc7 23. Na4 Re8 24. Rxe8 1/2-1/2

[Event "BL 1213 SG Solingen - Schachfr. Berlin"]
[Site "?"]
[Date "2012.10.21"]
[Round "2.1"]
[White "Melkumyan, Hrant"]
[Black "Ragger, Markus"]
[Result "1/2-1/2"]
[WhiteElo "2649"]
[BlackElo "2655"]
[PlyCount "114"]
[EventDate "2012.??.??"]

1. d4 d5 2. c4 c6 3. Nc3 Nf6 4. e3 Bf5 5. cxd5 cxd5 6. Qb3 Nc6 7. Qxb7 Bd7 8.
Qb3 Rb8 9. Qd1 e5 10. dxe5 Nxe5 11. Be2 Bd6 12. Nf3 O-O 13. O-O Qe7 14. Nd4
Rfc8 15. h3 Rb6 16. a4 Bb4 17. a5 Rbb8 18. Bd2 Nc4 19. Bxc4 Rxc4 20. Nce2 Bxd2
21. Qxd2 Ne4 22. Qd3 Rxb2 23. Nf4 Qd6 24. Qa3 Qxa3 25. Rxa3 Nf6 26. Rd1 g6 27.
Raa1 Kg7 28. Nd3 Rb8 29. Ne5 Rc5 30. Rdc1 Rbc8 31. Rcb1 R8c7 32. Rb8 Be8 33. g4
h6 34. Kg2 Rc3 35. a6 Re7 36. Nef3 Ne4 37. Rd8 Bd7 38. Ra8 Bc8 39. Ne1 Nd6 40.
Ra5 Rec7 41. Nef3 Nc4 42. Ra2 Ra3 43. Rxa3 Nxa3 44. Ne5 Bxa6 45. Nec6 Nc2 46.
Nxc2 Rxc6 47. Rxa7 Rxc2 48. Rxa6 Rd2 49. Rd6 Kf8 50. Rd8+ Kg7 51. h4 Kf6 52.
Kf3 Rd1 53. Kf4 Rh1 54. Kg3 Rg1+ 55. Kf3 Rd1 56. Rh8 Kg7 57. Rd8 Kf6 1/2-1/2

[Event "BL 1213 SG Solingen - Schachfr. Berlin"]
[Site "?"]
[Date "2012.10.21"]
[Round "2.2"]
[White "Stellwagen, Daniel"]
[Black "Kraemer, Martin"]
[Result "1/2-1/2"]
[WhiteElo "2622"]
[BlackElo "2520"]
[PlyCount "66"]
[EventDate "2012.??.??"]

1. e4 e5 2. Nf3 Nc6 3. Bb5 a6 4. Ba4 d6 5. O-O Bd7 6. d4 Nxd4 7. Bxd7+ Qxd7 8.
Nxd4 exd4 9. Qxd4 Nf6 10. c4 Be7 11. Nc3 O-O 12. b3 Rfe8 13. Bb2 c6 14. Rad1
Rad8 15. Rfe1 Qe6 16. h3 Nh5 17. Qe3 h6 18. Ne2 Qg6 19. Nf4 Nxf4 20. Qxf4 Bg5
21. Qg4 Qe6 22. g3 Bf6 23. Qxe6 fxe6 24. e5 Bxe5 25. Bxe5 dxe5 26. Rxd8 Rxd8
27. Rxe5 Rd2 28. Rxe6 Kf7 29. Re4 Rxa2 30. Rd4 Ke7 31. Re4+ Kf6 32. Rf4+ Ke6
33. Re4+ Kf6 1/2-1/2

[Event "BL 1213 SG Solingen - Schachfr. Berlin"]
[Site "?"]
[Date "2012.10.21"]
[Round "2.4"]
[White "Smeets, Jan"]
[Black "Lauber, Arnd"]
[Result "1-0"]
[WhiteElo "2613"]
[BlackElo "2465"]
[PlyCount "127"]
[EventDate "2012.??.??"]

1. e4 c6 2. d4 d5 3. Nc3 dxe4 4. Nxe4 Bf5 5. Ng3 Bg6 6. h4 h6 7. Nf3 e6 8. Ne5
Bh7 9. Bd3 Bxd3 10. Qxd3 Nd7 11. f4 Bb4+ 12. c3 Be7 13. Bd2 Ngf6 14. O-O-O O-O
15. Ne4 Nxe4 16. Qxe4 f5 17. Qe2 Nxe5 18. dxe5 Qd5 19. c4 Qd7 20. Bb4 Qe8 21.
Bd6 c5 22. Qf3 b6 23. Bxe7 Qxe7 24. Rd6 Rad8 25. Qc6 Rc8 26. Qd7 Qxd7 27. Rxd7
Rf7 28. Rd6 Re7 29. h5 Kf7 30. Kd2 Ree8 31. Rd7+ Re7 32. Rd6 Ree8 33. Rd7+ Re7
34. Rd3 Ree8 35. Ke3 Red8 36. Rhd1 Ke7 37. Kf3 Rxd3+ 38. Rxd3 Rd8 39. Ra3 Rd7
40. g4 Kd8 41. gxf5 exf5 42. Ke3 a5 43. Rb3 Kc7 44. Ke2 Rd4 45. Rg3 Rxf4 46.
Rxg7+ Kd8 47. b3 Rh4 48. Kf3 a4 49. Rb7 axb3 50. axb3 Rxh5 51. Kf4 Rh3 52. Rxb6
Kc7 53. e6 Rh1 54. Ra6 h5 55. Kxf5 Re1 56. Ra7+ Kc6 57. Rh7 Kd6 58. Rd7+ Kc6
59. Rd3 Rf1+ 60. Kg5 Re1 61. Kf6 h4 62. e7 h3 63. Rxh3 Rf1+ 64. Ke6 1-0

[Event "BL 1213 SG Solingen - Schachfr. Berlin"]
[Site "?"]
[Date "2012.10.21"]
[Round "2.6"]
[White "Lendermann, Aleksandr"]
[Black "Berndt, Stephan"]
[Result "1-0"]
[WhiteElo "2614"]
[BlackElo "2443"]
[PlyCount "111"]
[EventDate "2012.??.??"]

1. e4 c5 2. Nc3 Nc6 3. f4 g6 4. Nf3 Bg7 5. Bb5 Nd4 6. O-O Nxb5 7. Nxb5 d5 8. e5
Nh6 9. d4 cxd4 10. Qxd4 O-O 11. h3 f6 12. c4 Be6 13. exf6 exf6 14. cxd5 Bxd5
15. Rd1 Bf7 16. Be3 Qxd4 17. Bxd4 a6 18. Nd6 Bd5 19. Kf2 Nf7 20. Bc5 Bxf3 21.
Kxf3 Nxd6 22. Rxd6 Rac8 23. Ba3 Rfd8 24. Rc1 f5 25. g4 Bf8 26. Rxd8 Rxd8 27.
Bxf8 Rxf8 28. Rd1 Rf7 29. Rd6 Kf8 30. Rb6 fxg4+ 31. hxg4 Re7 32. a4 Kf7 33. f5
gxf5 34. gxf5 Rc7 35. Kf4 Ke7 36. Kg5 Kf7 37. b4 Kg7 38. Rd6 Kf7 39. Rd8 h6+
40. Kxh6 Rc4 41. Kg5 Rxb4 42. Rd7+ Ke8 43. Rh7 Rxa4 44. Rxb7 Rc4 45. Kf6 Rf4
46. Ra7 Rf1 47. Rxa6 Rf2 48. Ra8+ Kd7 49. Rf8 Rf1 50. Kg7 Rg1+ 51. Kf7 Rf1 52.
f6 Rf2 53. Ra8 Rf1 54. Ra2 Rf3 55. Rd2+ Kc7 56. Ke7 1-0

[Event "BL 1213 SG Solingen - Schachfr. Berlin"]
[Site "?"]
[Date "2012.10.21"]
[Round "2.7"]
[White "Polzin, Rainer"]
[Black "Hoffmann, Michael"]
[Result "1/2-1/2"]
[WhiteElo "2465"]
[BlackElo "2474"]
[PlyCount "128"]
[EventDate "2012.??.??"]

1. e4 c5 2. Nc3 e6 3. Nf3 a6 4. d4 cxd4 5. Nxd4 Qc7 6. Be2 Nc6 7. O-O b5 8.
Nxc6 dxc6 9. a4 b4 10. Nb1 Nf6 11. Bd3 Bc5 12. Qf3 O-O 13. Bf4 e5 14. Bg5 Ne8
15. Nd2 a5 16. Qg3 f6 17. Be3 Bxe3 18. Qxe3 Nd6 19. Nb3 Be6 20. Nc5 Bf7 21.
Rfd1 Rfd8 22. Rd2 Ne8 23. Rad1 Qe7 24. Be2 Rxd2 25. Rxd2 Nd6 26. b3 Rd8 27. h3
g6 28. Bg4 f5 29. Bf3 Kg7 30. Qe2 Nxe4 31. Rxd8 Qxd8 32. Bxe4 fxe4 33. Qxe4
Qd1+ 34. Kh2 Qd6 35. Nd3 Kf6 36. Kg1 Be6 37. Qh4+ Kg7 38. Qe4 Bf5 39. Qc4 e4
40. Ne1 Qd5 41. Qe2 Qd4 42. g4 Be6 43. Ng2 Qa1+ 44. Kh2 Qd4 45. Ne3 h5 46. Qa6
hxg4 47. hxg4 Qe5+ 48. Kg1 Qc7 49. g5 Qe5 50. Qb7+ Bf7 51. Qxc6 Qxg5+ 52. Kf1
Qe5 53. Qb6 Be6 54. Qd8 Kf7 55. Ke1 Qc3+ 56. Ke2 Qe5 57. Qh4 Qh5+ 58. Qxh5 gxh5
59. Nf1 Kf6 60. Ng3 Ke5 61. Ke3 h4 62. Nxe4 h3 63. Nd2 Bd5 64. Nf1 Be4 1/2-1/2

[Event "BL 1213 SG Solingen - Schachfr. Berlin"]
[Site "?"]
[Date "2012.10.21"]
[Round "2.8"]
[White "Andersen, Mads"]
[Black "Thiede, Lars"]
[Result "1/2-1/2"]
[WhiteElo "2461"]
[BlackElo "2441"]
[PlyCount "90"]
[EventDate "2012.??.??"]

1. d4 d6 2. Nf3 g6 3. c4 Bg7 4. Nc3 Nf6 5. e4 O-O 6. Be2 e5 7. O-O Na6 8. Be3
c6 9. d5 Ng4 10. Bg5 f6 11. Bh4 c5 12. Ne1 Nh6 13. a3 Nf7 14. Nd3 Bh6 15. Bg4
Bxg4 16. Qxg4 Bg5 17. Bxg5 fxg5 18. Qe2 Qd7 19. Rab1 Rac8 20. f3 b6 21. Qe3 Nc7
22. b4 Na6 23. b5 Nc7 24. a4 Ne8 25. Rb2 Ng7 26. g4 Rc7 27. a5 Rb8 28. Ra1 Ne8
29. Rba2 Kg7 30. Qd2 Nf6 31. Nf2 Qd8 32. axb6 axb6 33. Ra7 Nd7 34. Rxc7 Qxc7
35. Ra6 Rb7 36. Qa2 Nb8 37. Ra8 Qe7 38. Kg2 Qc7 39. Qa1 Qe7 40. Ne2 h6 41. h3
Kh7 42. Nd1 Nd8 43. Ne3 Nf7 44. Ng3 Qc7 45. Ne2 Qe7 1/2-1/2

[Event "BL 1213 SV Wattenscheid - SC Forchheim"]
[Site "?"]
[Date "2012.10.21"]
[Round "2.1"]
[White "Jansa, Vlastimil"]
[Black "Najer, Evgeniy"]
[Result "0-1"]
[WhiteElo "2451"]
[BlackElo "2664"]
[PlyCount "70"]
[EventDate "2012.??.??"]

1. Nf3 c5 2. g3 g6 3. Bg2 Bg7 4. O-O Nc6 5. c4 d6 6. Nc3 Nh6 7. d3 Nf5 8. Bd2
h5 9. h4 O-O 10. a3 Qd7 11. Rb1 b6 12. b4 Bb7 13. Bh3 e6 14. Ne4 Rad8 15. Bg5
f6 16. Bf4 Ba8 17. Bg2 Qe7 18. Nc3 Kh7 19. Qa4 Nh6 20. Rfe1 Nf7 21. Qc2 Nd4 22.
Nxd4 cxd4 23. Bxa8 Rxa8 24. Nd1 g5 25. hxg5 fxg5 26. Bc1 h4 27. gxh4 gxh4 28.
Kh1 Ne5 29. Rg1 Qb7+ 30. Kh2 Nf3+ 31. exf3 Be5+ 32. f4 Rxf4 33. Bxf4 Bxf4+ 34.
Kh3 Qf3+ 35. Kxh4 Kh6 0-1

[Event "BL 1213 SV Wattenscheid - SC Forchheim"]
[Site "?"]
[Date "2012.10.21"]
[Round "2.2"]
[White "Bartel, Mateusz"]
[Black "Mons, Leon"]
[Result "1/2-1/2"]
[WhiteElo "2635"]
[BlackElo "2339"]
[PlyCount "91"]
[EventDate "2012.??.??"]

1. e4 e5 2. Nf3 Nc6 3. Bb5 a6 4. Ba4 Nf6 5. O-O b5 6. Bb3 Be7 7. d4 d6 8. c3
O-O 9. h3 exd4 10. cxd4 d5 11. e5 Ne4 12. a4 Be6 13. Nbd2 Nb4 14. Qe2 c5 15.
dxc5 Bxc5 16. Nxe4 dxe4 17. Nd2 Bxb3 18. Nxb3 Qd3 19. Qxd3 Nxd3 20. Nxc5 Nxc5
21. Be3 Nd3 22. b3 Nxe5 23. Rfc1 Nd3 24. Rc7 Rfc8 25. Re7 Re8 26. Rd7 Red8 27.
Re7 Re8 28. Rc7 h6 29. Ra2 Rac8 30. Rac2 Rxc7 31. Rxc7 bxa4 32. bxa4 Re5 33.
Bb6 Rd5 34. Ra7 Nb4 35. g4 Rd1+ 36. Kg2 g5 37. Re7 Nd5 38. Re8+ Kh7 39. Be3
Nxe3+ 40. fxe3 Rd2+ 41. Kg3 Ra2 42. Rxe4 Kg6 43. h4 gxh4+ 44. Kxh4 f6 45. Kg3
Rc2 46. Rd4 1/2-1/2

[Event "BL 1213 SV Wattenscheid - SC Forchheim"]
[Site "?"]
[Date "2012.10.21"]
[Round "2.3"]
[White "Seyb, Alexander"]
[Black "Rustemov, Alexander"]
[Result "1/2-1/2"]
[WhiteElo "2310"]
[BlackElo "2544"]
[PlyCount "80"]
[EventDate "2012.??.??"]

1. e4 e6 2. d4 d5 3. Nc3 dxe4 4. Nxe4 Bd7 5. Nf3 Bc6 6. Bd3 Nd7 7. O-O Ngf6 8.
Neg5 Bd6 9. Re1 h6 10. Nh3 Bxf3 11. Qxf3 c6 12. Nf4 O-O 13. Nh5 Re8 14. Nxf6+
Nxf6 15. g3 Bc7 16. c3 Qd5 17. Qxd5 Nxd5 18. Be3 Rad8 19. Rad1 Rd7 20. Bc1 Red8
21. Be2 Kh7 22. h4 g6 23. h5 g5 24. Kg2 Kg7 25. Rf1 f5 26. Rde1 Re7 27. Bc4 Kf7
28. Bxd5 cxd5 29. f4 gxf4 30. Bxf4 Rg8 31. Kf3 Bxf4 32. gxf4 Kf6 33. Rg1 Reg7
34. Rxg7 Rxg7 35. Re2 Rg1 36. Rg2 Rf1+ 37. Ke3 Re1+ 38. Kf3 Rf1+ 39. Ke3 Re1+
40. Kf3 Rf1+ 1/2-1/2

[Event "BL 1213 SV Wattenscheid - SC Forchheim"]
[Site "?"]
[Date "2012.10.21"]
[Round "2.4"]
[White "Czarnota, Pawel"]
[Black "Zwanzger, Johannes"]
[Result "1-0"]
[WhiteElo "2536"]
[BlackElo "2326"]
[PlyCount "87"]
[EventDate "2012.??.??"]

1. c4 c5 2. Nc3 Nc6 3. Nf3 g6 4. g3 Bg7 5. Bg2 d6 6. O-O e5 7. a3 Nge7 8. Rb1
a5 9. Ne1 O-O 10. Nc2 Be6 11. Ne3 Rb8 12. Ned5 h6 13. d3 Kh7 14. Bd2 f5 15. b4
b6 16. Nxe7 Nxe7 17. bxa5 bxa5 18. Qa4 Qd7 19. Qxa5 e4 20. Nb5 Rfc8 21. Bf4 Ra8
22. Qd2 d5 23. cxd5 Nxd5 24. dxe4 Nxf4 25. Qxf4 Ba2 26. Rfd1 Qe7 27. Rbc1 Ra4
28. Nc3 Rxa3 29. Nb5 Ra4 30. Qd6 Re8 31. exf5 Qxd6 32. Nxd6 Rxe2 33. Rxc5 Bb3
34. Rb1 Bc2 35. Rxc2 Rxc2 36. fxg6+ Kxg6 37. Be4+ Rxe4 38. Nxe4 Bd4 39. Rd1 Ba7
40. Kg2 Ra2 41. Rd2 Ra4 42. f3 Ra3 43. Rd6+ Kg7 44. h4 1-0

[Event "BL 1213 SV Wattenscheid - SC Forchheim"]
[Site "?"]
[Date "2012.10.21"]
[Round "2.5"]
[White "Heidrich, Manfred"]
[Black "Appel, Ralf"]
[Result "1/2-1/2"]
[WhiteElo "2296"]
[BlackElo "2525"]
[PlyCount "86"]
[EventDate "2012.??.??"]

1. e4 g6 2. d4 Bg7 3. Nc3 c6 4. Nf3 d5 5. h3 Nh6 6. Bf4 O-O 7. Qd2 dxe4 8. Nxe4
Nf5 9. c3 Be6 10. Bd3 Nd6 11. O-O Nxe4 12. Bxe4 Nd7 13. Rfe1 Bd5 14. Qe2 Re8
15. Bd3 a6 16. Ne5 Nxe5 17. Bxe5 Bxe5 18. Qxe5 Qd7 19. b3 Rad8 20. Rad1 Qd6 21.
Qxd6 Rxd6 22. f3 Kg7 23. Kf2 a5 24. Rd2 Be6 25. Ke3 Red8 26. Bf1 h5 27. h4 Kf6
28. g3 Bf5 29. Red1 b5 30. Rb2 Rb8 31. Ra1 Be6 32. a4 b4 33. c4 Rbd8 34. Rd1
Bf5 35. Rbd2 e5 36. dxe5+ Kxe5 37. f4+ Ke6 38. Rxd6+ Rxd6 39. Rxd6+ Kxd6 40.
Bd3 Ke6 41. Be4 Bxe4 42. Kxe4 c5 43. Ke3 f5 1/2-1/2

[Event "BL 1213 SV Wattenscheid - SC Forchheim"]
[Site "?"]
[Date "2012.10.21"]
[Round "2.6"]
[White "Handke, Florian"]
[Black "Bade, Joern"]
[Result "1/2-1/2"]
[WhiteElo "2556"]
[BlackElo "2288"]
[PlyCount "119"]
[EventDate "2012.??.??"]

1. b3 Nf6 2. Bb2 g6 3. c4 Bg7 4. g3 c5 5. Bg2 Nc6 6. Nf3 O-O 7. O-O d6 8. d4
cxd4 9. Nxd4 Bd7 10. Nc2 Qa5 11. Nd2 Qh5 12. Nf3 Bh3 13. Bxh3 Qxh3 14. Bxf6
Bxf6 15. Rb1 Rac8 16. Ne3 Rfd8 17. Qd3 Qd7 18. h4 e6 19. a3 Ne7 20. Rfd1 Qc6
21. Ng4 Bg7 22. e4 Qc5 23. Qd2 Qh5 24. Qg5 Qxg5 25. hxg5 Kf8 26. Rd3 Ng8 27.
Rbd1 Ke7 28. e5 dxe5 29. Ngxe5 Rxd3 30. Rxd3 Rc7 31. b4 h6 32. gxh6 Nxh6 33. g4
Bxe5 34. Nxe5 f6 35. g5 fxg5 36. Rh3 Kf6 37. Rxh6 Kxe5 38. Rxg6 Kf5 39. Rg8 b6
40. Ra8 Ke5 41. Kg2 Kd4 42. c5 bxc5 43. bxc5 Kc4 44. c6 Kb5 45. Rb8+ Kxc6 46.
Rg8 Kb5 47. Rxg5+ Ka4 48. Re5 Rc6 49. Kg3 a5 50. Kg4 Ra6 51. Re3 Rb6 52. f4 Rb3
53. Rxe6 Kxa3 54. f5 a4 55. f6 Rb8 56. Kf5 Kb2 57. f7 Rf8 58. Kf6 a3 59. Rb6+
Kc2 60. Ra6 1/2-1/2